CCIE Lab Practice Kit (Record no. 62885)
[ view plain ]
| 000 -LEADER | |
|---|---|
| fixed length control field | 00474nam a22001457a 4500 |
| 005 - DATE AND TIME OF LATEST TRANSACTION | |
| control field | 20180801120645.0 |
| 020 ## - INTERNATIONAL STANDARD BOOK NUMBER | |
| International Standard Book Number | 0070445117 |
| Terms of availability | 000.00 |
| 035 ## - SYSTEM CONTROL NUMBER | |
| System control number | B-061494, B-061493 |
| 100 ## - MAIN ENTRY--PERSONAL NAME | |
| Personal name | Satterlee,Michael |
| 245 ## - TITLE STATEMENT | |
| Title | CCIE Lab Practice Kit |
| Statement of responsibility, etc | by Michael Satterlee [and] Stephen Hutnik |
| 260 ## - PUBLICATION, DISTRIBUTION, ETC. (IMPRINT) | |
| Place of publication, distribution, etc | New Delhi |
| Name of publisher, distributor, etc | Tata Mcgraw-Hill |
| Date of publication, distribution, etc | 2001 |
| 300 ## - PHYSICAL DESCRIPTION | |
| Extent | xvi, 571p. |
| Dimensions | 23cms |
| 700 ## - ADDED ENTRY--PERSONAL NAME | |
| Personal name | Hutnik, Stephen |
| 9 (RLIN) | 42168 |
| 942 ## - ADDED ENTRY ELEMENTS (KOHA) | |
| Source of classification or shelving scheme | Dewey Decimal Classification |
| Item type | English Books |
| Classification part | 005.754 |
| Call number suffix | SAT |
| Withdrawn status | Lost status | Not for loan | Collection code | Home library | Current library | Date acquired | Cost, normal purchase price | Full call number | Barcode | Cost, replacement price | Koha item type | Source of acquisition |
|---|---|---|---|---|---|---|---|---|---|---|---|---|
| Non-fiction | Patel Nagar | Patel Nagar | 01/08/2018 | 0.00 | 005.754 SAT | B-061493 | 0.00 | English Books | BPPD/PUB | |||
| Non-fiction | Sarojini Nagar | Sarojini Nagar | 15/02/2012 | 0.00 | 005.754 SAT | B-061494 | 0.00 | English Books |
